[Event "SC-2012-0-00148"]
[Site "LSS email"]
[Date "2012.06.24"]
[Round "?"]
[White "Bujdak, Pavol"]
[Black "Korostenski, Frank"]
[Result "1/2-1/2"]
[WhiteElo "1601"]
[BlackElo "1662"]
[PlyCount "53"]
[EventDate "2012.05.03"]
[EventType "tourn (corr)"]
[EventRounds "6"]
[EventCountry "GER"]
[SourceTitle "Telechess CBM 161"]
[Source "ChessBase"]
[SourceDate "2014.07.16"]
[SourceVersion "1"]
[SourceVersionDate "2014.07.16"]
[SourceQuality "1"]

1. e4 c5 2. Nf3 Nf6 3. e5 Nd5 4. Nc3 e6 5. Nxd5 exd5 6. d4 Nc6 7. dxc5 Bxc5 8. Qxd5 Qb6 9. Bc4 Bxf2+ 10. Ke2 0-0 11. Rf1 Bc5 12. Ng5 Nxe5 13. Nxf7 Nxf7 14. Rxf7 Qe6+ 15. Qxe6 dxe6 16. Rxf8+ Kxf8 17. Bg5 Bd7 18. Rf1+ Ke8 19. Bd3 Be7 20. h4 Rc8 21. c3 Bxg5 22. hxg5 Rc5 23. g6 Re5+ 24. Kd2 hxg6 25. Bxg6+ Ke7 26. Rf7+ Kd6 27. Bd3 1/2-1/2